000 00443nam a22001817a 4500
003 UUm
005 20140428155925.0
008 130319t xxu||||| |||| 00| 0 eng d
020 _a0566074532
050 _aHD 30.28
_b.C64 1997
082 _aHD30.28
_b.C64
245 _aThe business plan approved
_cG Nigel Cohen
260 _aAldershot
_bGower
_c1992
300 _avii, 178 p.
_c23 cm.
562 _e1
942 _2lcc
_cBK
999 _c2501
_d2501